书目信息 |
| 题名: |
封神演义
|
|
| 作者: | 许仲琳 著 | |
| 分册: | ||
| 出版信息: | 天津 百花文艺出版社 1999.01 |
|
| 页数: | 1136页 | |
| 开本: | 32开 | |
| 丛书名: | ||
| 单 册: | ||
| 中图分类: | I242.4 | |
| 科图分类: | ||
| 主题词: | 小说--中国 | |
| 电子资源: | ||
| ISBN: | 7-5306-1113-5 | |
| 000 | 00531nam0 2200193 45 | |
| 001 | 0009020881 | |
| 005 | 20000902084720.9 | |
| 010 | @a7-5306-1113-5@d45.00元 | |
| 100 | @a20000902d1999 km y0chiy0120 ea | |
| 101 | 0 | @achi |
| 105 | @a z 000yy | |
| 200 | 1 | @a封神演义@AFeng Shen Yan Yi@f许仲琳 著@FXu Zhong Lin Zhu |
| 210 | @a天津@c百花文艺出版社@d1999.01 | |
| 215 | @a1136页@d32开 | |
| 606 | 0 | @a小说@x中国 |
| 690 | @aI242.4@v3 | |
| 701 | 0 | @a许仲琳@4著 |
| 801 | @aCN@bPftUser@c20000902 | |
| 905 | @b114939-944@dI242.4@eX467/2@f6 | |
| 封神演义/许仲琳 著.-天津:百花文艺出版社,1999.01 |
| 1136页;32开 |
| ISBN 7-5306-1113-5:45.00元 |
| ● |
| 相关链接 |
|
|
|
正题名:封神演义
索取号:I242.4/X467/2
 
预约/预借
| 序号 | 登录号 | 条形码 | 馆藏地/架位号 | 状态 | 备注 |
| 1 | 114939 | 201149391 | 社科二线422/422社科库 16排2列1层/ [索取号:I242.4/X467/2] | 在馆 | |
| 2 | 114940 | 201149408 | 社科二线422/422社科库 16排2列1层/ [索取号:I242.4/X467/2] | 在馆 | |
| 3 | 114941 | 201149417 | 社科二线422/422社科库 16排2列1层/ [索取号:I242.4/X467/2] | 在馆 | |
| 4 | 114942 | 201149426 | 社科二线422/422社科库 16排2列1层/ [索取号:I242.4/X467/2] | 在馆 | |
| 5 | 114943 | 201149435 | 社科二线422/422社科库 16排2列1层/ [索取号:I242.4/X467/2] | 在馆 | |
| 6 | 114944 | 201149444 | 社科二线400B/400B社科库 11排3列1层/ [索取号:I242.4/X467/2] | 在馆 |